00445nam a2200145 a 450000100100000000500170001000800410002704000250006808200150009310000400010824500500014826000500019830000260024850400250027400001717920240305141307.0100319s1959 dr a 000 0 spa d aDO-SdBNPbspacBNPHU axxxxbxxxx1 aSánchez Lamouth, Juan,d1929-196810aOtoño y poesía /cJuan Sánchez Lamouth. aCiudad Trujillo :bEditora Del Caribe,c1959. a94 p. :bil. ;c31cm. aBibliografía p: 94